Power System : Analysis & Design (Record no. 4226)

MARC details
000 -LEADER
fixed length control field 00366nam a2200157Ia 4500
008 - FIXED-LENGTH DATA ELEMENTS--GENERAL INFORMATION
fixed length control field 221030s9999 xx 000 0 und d
020 ## - INTERNATIONAL STANDARD BOOK NUMBER
ISBN 8121922380
041 ## - LANGUAGE CODE
Language code of text/sound track or separate title
082 ## - DEWEY DECIMAL CLASSIFICATION NUMBER
Classification number 105.23
100 ## - MAIN ENTRY--AUTHOR NAME
Personal name B. R. Gupta
245 #0 - TITLE STATEMENT
Title Power System : Analysis & Design
260 ## - PUBLICATION, DISTRIBUTION, ETC. (IMPRINT)
Name of publisher S. Chand & Co.
Place of publication New Delhi
Year of publication 2007
300 ## - PHYSICAL DESCRIPTION
Number of Pages 643
650 ## - SUBJECT ADDED ENTRY--TOPICAL TERM
Topical Term BB EE
942 ## - ADDED ENTRY ELEMENTS (KOHA)
Koha item type Books
Holdings
Accession Number Cost, normal purchase price Full call number Price effective from Koha item type Withdrawn / writtenoff status Materials specified (bound volume or other part) Damaged status Not for loan Permanent Location Current Location Shelving location Date acquired Lost/ Missing status department
BB 467 320.00 105.23 10/30/2022 Books   Print     MIET Library, Jammu MIET Library, Jammu BL-Second, FL-1, CUP-102, SH-5, R-5 05/09/2007   BB
BB 468 320.00 105.23 10/30/2022 Books   Print     MIET Library, Jammu MIET Library, Jammu BL-Second, FL-1, CUP-102, SH-5, R-5 05/09/2007   BB
BB 469 320.00 105.23 10/30/2022 Books   Print     MIET Library, Jammu MIET Library, Jammu BL-Second, FL-1, CUP-102, SH-5, R-5 05/09/2007   BB
BB 470 320.00 105.23 10/30/2022 Books   Print     MIET Library, Jammu MIET Library, Jammu BL-Second, FL-1, CUP-102, SH-5, R-5 05/09/2007   BB
BB 471 320.00 105.23 10/30/2022 Books   Print     MIET Library, Jammu MIET Library, Jammu BL-Second, FL-1, CUP-102, SH-5, R-5 05/09/2007   BB
BB 518 320.00 105.23 10/30/2022 Books   Print     MIET Library, Jammu MIET Library, Jammu BL-Second, FL-1, CUP-102, SH-5, R-5 05/09/2007   BB
BB 519 320.00 105.23 10/30/2022 Books   Print     MIET Library, Jammu MIET Library, Jammu BL-Second, FL-1, CUP-102, SH-5, R-5 05/09/2007   BB
BB 520 320.00 105.23 10/30/2022 Books   Print     MIET Library, Jammu MIET Library, Jammu BL-Second, FL-1, CUP-102, SH-5, R-5 05/09/2007   BB
BB 521 320.00 105.23 10/30/2022 Books   Print     MIET Library, Jammu MIET Library, Jammu BL-Second, FL-1, CUP-102, SH-5, R-5 05/09/2007   BB
BB 522 320.00 105.23 10/30/2022 Books   Print     MIET Library, Jammu MIET Library, Jammu BL-Second, FL-1, CUP-102, SH-5, R-5 05/09/2007   BB
BB 523 320.00 105.23 10/30/2022 Books   Print     MIET Library, Jammu MIET Library, Jammu BL-Second, FL-1, CUP-102, SH-5, R-5 05/09/2007   BB